1701 1168 1693 1278 1808 1139 1367 1388 1122 1136 1804 1751 1418 1386 1396 1326 1663 1813 1642 1204 1580 1627 1840 1685 1596 1633 1981 1029 1173 1241 1647 1667 1062 1665 1570 1153 1214 1097 1797 1016 1603 1793 1033 1983 1237 1776 1792 1193 1922 1558 1729 1641 1493 1997 1520 1683 1661 1707 1296 1901 1914 1417 1119 1560 1469 1532 1831 1140 1912 1614 1148 1554 1771 1504 1951 1600 1081 1571 1628 1241 1250 1295 1947 1405 1571 1289 1314 1528 1104 1152 1436 1921 1770 1717 1623 1495 1733 1954 1225 BCNSPRNW ULIB Ver.6.0+V

เปลี่ยนเป็นภาษาไทย

Change to English
 แสดงรายละเอียดบรรณานุกรม
  กลับหน้าหลัก

Brief Record : Get Marc (ISO 2709) : E-mail record : QR code < ปิดหน้าต่าง
LEADER : 00000nam 2200000uu 4500
001    13399114399
003     ULIB
008    110907s||||||||th 000 0 tha d
020    9789747330489
050 04 LB2952^bช116ก
100 0  ชัยวัฒน์ สุทธิรัตน์
245 10 การจัดการเรียนรู้ตามสภาพจริง /^cชัยวัฒน์ สุทธิรัตน์
250    พิมพ์ครั้งที่ 1
260    กรุงเทพฯ :^bสหมิตรพริ้นติ้งแอนด์พับลิสชิ่ง,^c2554
300    154 หน้า
650  7 การเรียนรู้
945    ^p150^l0^i031490
995    ทศพร
999 ^a ทศพร
รายการนี้ยังไม่มีแท็ก
คุณยังไม่ได้ล็อกอิน คุณสามารถมีกิจกรรมร่วมกับเว็บไซต์ได้ แต่ต้องล็อกอินก่อน ::
  ล็อกอิน

รายการสื่อสารสนเทศ

ลำดับที่ ประเภท เลขเรียก/บาร์โค้ด สถานที่ สถานะ
- ไม่พบข้อมูล -

รายการใกล้เคียง
    ผู้แต่ง [ชัยวัฒน์ สุทธิรัตน์]

    หัวเรื่อง [การเรียนรู้]

BibComment


ยังไม่เคยถูกคอมเมนท์

คอมเมนท์ทรัพยากรรายการนี้
  คอมเมนท์: การจัดการเรียนรู้..


 Copyright 2026. Bcnsprnw @Library